|
|
|
|
| LEADER |
00756pam a22002418a 4500 |
| 001 |
00038344 |
| 005 |
20171026081023.0 |
| 008 |
170515s ||||||Viesd |
| 041 |
0 |
# |
|a Vie
|
| 082 |
1 |
4 |
|a 730.02
|b B103GI
|
| 100 |
1 |
# |
|a Hồ, Thị Huyền
|
| 110 |
1 |
# |
|a Trường ĐH Đồng Tháp
|
| 245 |
1 |
0 |
|a Bài giảng giải phẩu tạo hình
|c Hồ Thị Huyền
|
| 260 |
# |
# |
|a Đồng Tháp
|
| 300 |
# |
# |
|a 30tr.
|c 29cm
|
| 653 |
# |
# |
|a Giải phẩu
|
| 653 |
# |
# |
|a Tạo hình
|
| 852 |
# |
# |
|b Kho mượn
|j KM.0021645, KGT.0052735
|
| 852 |
# |
# |
|b Kho đọc
|j KD.0020596
|
| 852 |
# |
# |
|j KD.0020596
|j KGT.0052735
|
| 910 |
|
|
|d 15/05/2017
|
| 980 |
# |
# |
|a Trung tâm Học liệu Lê Vũ Hùng, Trường Đại học Đồng Tháp
|